Landlocked Countries with Navies - Statistics

General Stats
  • This quiz has been taken 42 times
  • The average score is 13 of 17
Answer Stats
Landlocked Countries with Navies % Correct
Bolivia
88%
Paraguay
88%
Kazakhstan
85%
Burundi
83%
Rwanda
83%
Switzerland
83%
Uzbekistan
83%
Hungary
80%
Turkmenistan
80%
Central African Republic
75%
Serbia
75%
Uganda
75%
Azerbaijan
68%
Ethiopia
65%
Laos
65%
Mali
65%
Malawi
55%
No matching quizzes found
Score Distribution
Percent of People with Each Score
Percentile by Number Answered
Your Score History
You have not taken this quiz